Easy learning French grammar.
| Format: | Book |
|---|---|
| Published: |
Glasgow:
Harper Collins Publishers,
2004.
|
| Subjects: |
| LEADER | 00529cam a2200157 7i4500 | ||
|---|---|---|---|
| 001 | 0000014681 | ||
| 005 | 20041026090000.0 | ||
| 020 | 0 | 0 | |a 0-00-716326-6 |
| 090 | 0 | 0 | |a LANG 448.242122 |b EAS |
| 245 | 0 | 0 | |a Easy learning French grammar. |
| 260 | 0 | 0 | |a Glasgow: |b Harper Collins Publishers, |c 2004. |
| 300 | # | # | |a 105 p. |
| 650 | 0 | 0 | |a French language -- |x Self-instruction |
| 650 | 0 | 0 | |a French language -- |x Grammar |
| 650 | 0 | 0 | |a French language -- |x Textbooks for foreign speakers -- |x English |
| 999 | |a B000016503 |b Book |c Book |e Business Information Centre | ||


